000 00972pab a2200181 454500
008 180718b1991 xxu||||| |||| 00| 0 eng d
100 _aCaiden, Gerald, E
245 _aGetting at the essence of the administrative state
260 _c1991
300 _ap.147-161.
362 _aApr-Jun
520 _aGerald E. Caiden, in this article makes a comprehensive survey of the progress made over the years in conceptualisation of the `Administrative State'. He briefly, but with requisite clarity, identifies twenty-five theories that have been put forward on this subject by scholars. Since all of these are mutually supportive, Caiden's survey greatly helps in streng-thening our understanding of the theoretical constructs that are relevant in comprehending the reality called `Administrative State'. Reproduced
650 _aAdministrative State
650 _aPublic Administration
773 _aIndian Journal of Public Administration
908 _aN
909 _a2090
999 _c2090
_d2090